000 00436nam a2200169Ia 4500
003 LK-CoDNM
005 20240920133353.0
008 010623t1901 xxu||||| |||| 00| 1 eng d
040 _aLK-CoDNM
_dLK-CoDNM
_eLK-CoDNM
041 _aeng
080 _a15
_bC4
100 _aPereira,James Cecil Walter.
245 _aInstitutes of the Lows of Ceylon
260 _bH.C.Cottle
_aColombo
_c1901
300 _bxl, 690p. ; 21 cm
942 _cBK
999 _c85125
_d85125